000 00824nam a2200205Ii 4500
003 JO-AjNU
008 230605s9999||||xx |||||||||||||| ||und||
040 _aJO-AjNU
_bara
_erda
_cJO-AjNU
041 _aara
050 1 4 _aHD30.24.2011
100 3 _aفايد،عادل طه,
_eauthor
_934463
245 0 0 _aدراسات الجدوى :التقويم المحاسبي الاقتصادي للمشروعات
264 3 1 _aالقاهرة:المنظمة العربية للتنمية الادارية،2011
300 _a376ص
336 _atext
_btxt
_2rdacontent
337 _aunmediated
_bn
_2rdamedia
338 _avolume
_bnc
_2rdacarrier
490 0 _aالمنظمة العربية للتنمية الادارية بحوث ودراسات 482
650 4 _a إدارة المشروعات -دراسات الجدوى
_934464
999 _aA14134
_c17702
_d17702